000
00463nam a2200157Ia 4500
008
100122s9999 xx 000 0 und d
082
_b
28128
_a
823
100
_a
अष्टीकर मंदाकिनी
245
_a
स्वप्नगंधा
250
_a
1
260
_b
मनोरमा प्रकाशन
_c
1905
300
_a
183
630
_a
स्वप्नगंधा
730
_a
स्वप्नगंधा
942
_c
BOOK
999
_c
413899
_d
413896